000 00765nam a2200241Ia 4500
003 OSt
005 20220926022459.0
006 a|||||r|||| 00| 0
007 ta
008 220923b |||||||| |||| 00| 0 eng d
037 _cGeneral Book
040 _aRTL
_cRTL
_beng
041 _2eng
_aeng
082 _aU43.43.N9, P0
100 _aAtkinson Adrian
_9327850
245 0 _aPromoting sustainable human development in cities
260 _aNew York
_bUnited Nations U. S. A.
_c2000
300 _ax, 41p. Bibliography p.38-41
_ccm.
500 _aUnited Nations Research Institute for Social Development, Occasional Paper, 6.
650 _aUrban Geography
942 _hU43.43.N9, P0
_cGB
_2CC
999 _c639563
_d639563